| 000 | 00711cam a2200217 i 4500 | ||
|---|---|---|---|
| 001 | 4569959 | ||
| 005 | 20250124103719.0 | ||
| 008 | 740924s1976 ilua b 101 0 eng | ||
| 020 | _a0398033277 | ||
| 050 | 0 | 0 |
_aHM251 _b.J475 1973 |
| 082 | 0 | 0 | _a301.1 |
| 245 | 1 | 4 |
_aThe nature of man : _ba social psychological perspective / _cthe Third John G. Finch Symposium on Psychology and Religion ; Richard L. Gorsuch and H. Newton Malony. |
| 260 |
_aSpringfield, Ill. : _bThomas, _cc1976. |
||
| 300 |
_aix, 224 p. : _bill. ; _c24 cm. |
||
| 500 | _aIncludes index. | ||
| 650 | 0 | _aSocial psychology. | |
| 650 | 0 | _aSocial ethics. | |
| 700 | 1 | _aGorsuch, Richard L. | |
| 700 | 1 | _aMalony, H. Newton. | |
| 942 |
_2lcc _cBK _n0 |
||
| 999 |
_c2974 _d2974 |
||